01231cam a22003254a 4500999001900000001000900019003000500028005001700033008004100050010001700091020002200108020002200130040001800152042000800170050002200178082001200200100002000212245007900232250001200311260003300323300002700356504006400383650002700447856009600474856008800570856007600658906004500734942001200779952011400791 c232852d23285212987909nust20180117090024.0021031s2003 enk b 001 0 eng  a 2002042497 a0333961870 (hbk.) a0333961889 (pbk.) aDLCcDLCdDLC apcc00aJF1351b.H84 200300a3512211 aHughes, Owen E.10aPublic management and administration :ban introduction /cOwen E. Hughes. a3rd ed. aNew York :bPalgrave,c2003. aviii, 303 p. ;c24 cm. aIncludes bibliographical references (p. 283-294) and index. 0aPublic administration.423Contributor biographical informationuhttp://www.loc.gov/catdir/bios/hol052/2002042497.html423Publisher descriptionuhttp://www.loc.gov/catdir/description/hol032/2002042497.html413Table of contentsuhttp://www.loc.gov/catdir/toc/hol031/2002042497.html a7bcbccorignewd1eocipf20gy-gencatlg 2ddccBK 00102ddc40708NFICaCLbCLcGENd2017-02-24l2o351 HUGpS3H-P-165r2021-04-01s2020-11-09w2017-02-24yBK